000 00526pab a2200193 454500
008 180718b2008 xxu||||| |||| 00| 0 eng d
100 _aBal, Ranjan Kumar
245 _aCorporate governance and social responsibility: need for convergence
260 _c2008
300 _ap.20-30.
362 _aApr-Sep
650 _aSocial responsibility
650 _aCorporate governance
650 _aFinancial markets
700 _aDash, Ashutosh
773 _aJournal of Accounting and Finance
908 _aN
909 _a79611
999 _c79611
_d79611